| 000 | 01504cam a2200325 a 4500 | ||
|---|---|---|---|
| 999 |
_c10577 _d10577 |
||
| 003 | OSt | ||
| 005 | 20220407110717.0 | ||
| 008 | 070622s2008 dcua b 001 0 eng | ||
| 010 | _a 2007026192 | ||
| 020 | _a9781597261432 (pbk. : alk. paper) | ||
| 020 | _a1597261432 (pbk. : alk. paper) | ||
| 035 | _a(OCoLC)ocn145431837 | ||
| 035 | _a(OCoLC)145431837 | ||
| 082 | 0 | 0 |
_a712.01 _222 |
| 100 | 1 | _aThompson, J. William. | |
| 245 | 1 | 0 |
_aSustainable landscape construction : _ba guide to green building outdoors / _cWilliam Thompson and Kim Sorvig ; with drawings by Craig D. Farnsworth. |
| 250 | _a2nd ed. | ||
| 260 |
_aWashington : _bIsland Press, _cc2008. |
||
| 300 |
_axxvii, 381 p. : _bill. ; _c28 cm. |
||
| 504 | _aIncludes bibliographical references (p. 349-369) and index. | ||
| 505 | 0 | _a"Sustainability" in context -- Keep healthy sites healthy -- Heal injured sites -- Favor living, flexible materials -- Respect the waters of life -- Pave less -- Consider origin and fate of materials -- Know the costs of energy over time -- Celebrate light, respect darkness -- Quietly defend silence -- Maintain to sustain -- Conclusions and beginnings. | |
| 650 | 0 | _aLandscape construction. | |
| 650 | 0 | _aLandscape protection. | |
| 650 | 0 | _aGreen products. | |
| 650 | 0 | _aEcological landscape design. | |
| 700 | 1 | _aSorvig, Kim. | |
| 856 | 4 | 1 |
_3Table of contents only _uhttp://www.loc.gov/catdir/toc/ecip0721/2007026192.html |
| 906 |
_a7 _bcbc _corignew _d1 _eecip _f20 _gy-gencatlg |
||
| 942 | _2ddc | ||